Use of wasted high street space (Record no. 73051)

MARC details
000 -LEADER
fixed length control field 01003cam a2200217 4500
001 - CONTROL NUMBER
control field WB3927-09
008 - FIXED-LENGTH DATA ELEMENTS--GENERAL INFORMATION
fixed length control field 030715n2003 000 0 eng u
035 ## - SYSTEM CONTROL NUMBER
System control number (Sirsi) u123015
245 ## - TITLE STATEMENT
Title Use of wasted high street space
260 ## - PUBLICATION, DISTRIBUTION, ETC.
Date of publication, distribution, etc. 2003
490 ## - SERIES STATEMENT
Series statement Retail Week
Volume/sequential designation 11 July 2003, 21(1)
520 ## - SUMMARY, ETC.
Summary, etc. "Empty property: unlocking the potential" has been published by the ODPM to re-emphasise the scope and potential to convert surplus property into residential use. It considers the grants and loans available and highlights the progress so far. Stresses that these projects can increase profitability of businesses and bring additional life to urban areas. Copies of the report are available from ODPM Publications Unit t +44 (0)8701 226236 or online at http://www.housing.odpm.gov.uk
590 ## - LOCAL NOTE (RLIN)
Local note WB
650 ## - SUBJECT ADDED ENTRY--TOPICAL TERM
Topical term or geographic name entry element EMPTY PROPERTIES
650 ## - SUBJECT ADDED ENTRY--TOPICAL TERM
Topical term or geographic name entry element CONVERSIONS
650 ## - SUBJECT ADDED ENTRY--TOPICAL TERM
Topical term or geographic name entry element LIVING OVER THE SHOP
650 ## - SUBJECT ADDED ENTRY--TOPICAL TERM
Topical term or geographic name entry element EMPTY HOMES AGENCY
650 ## - SUBJECT ADDED ENTRY--TOPICAL TERM
Topical term or geographic name entry element TOWN CENTRES
690 ## - LOCAL SUBJECT ADDED ENTRY--TOPICAL TERM (OCLC, RLIN)
Topical term or geographic name as entry element HOUSING
942 ## - ADDED ENTRY ELEMENTS (KOHA)
Suppress in OPAC 0
Holdings
Withdrawn status Lost status Source of classification or shelving scheme Damaged status Not for loan Home library Current library Shelving location Date acquired Total Checkouts Full call number Barcode Date last seen Copy number Price effective from Koha item type
    Dewey Decimal Classification     London London News article 15/07/2003   WB3927-09 123015-1001 06/08/2019 1 06/08/2019 News article